Biochemical tests principles and protocols (Record no. 480155)

000 -LEADER
fixed length control field 00333nam a22001337a 4500
003 - CONTROL NUMBER IDENTIFIER
control field ASAB
005 - DATE AND TIME OF LATEST TRANSACTION
control field 20180827062645.0
008 - FIXED-LENGTH DATA ELEMENTS--GENERAL INFORMATION
fixed length control field 160628t xxu||||| |||| 00| 0 eng d
020 ## - INTERNATIONAL STANDARD BOOK NUMBER
International Standard Book Number 978-81-309-3160-9
040 ## - CATALOGING SOURCE
Transcribing agency ASAB
245 ## - TITLE STATEMENT
Title Biochemical tests principles and protocols
Statement of responsibility, etc. by Anil Kumar,
300 ## - PHYSICAL DESCRIPTION
Extent 404 P
942 ## - ADDED ENTRY ELEMENTS (KOHA)
Source of classification or shelving scheme
Koha item type Book
Holdings
Withdrawn status Lost status Source of classification or shelving scheme Damaged status Not for loan Collection code Permanent Location Current Location Date acquired Total Checkouts Full call number Barcode Date last seen Price effective from Koha item type
            Atta-ur-Rahman School of Applied Biosciences (ASAB) Atta-ur-Rahman School of Applied Biosciences (ASAB) 06/28/2016   616.07 KUM ASAB3378 06/28/2016 06/28/2016 Book
© 2023 Central Library, National University of Sciences and Technology. All Rights Reserved.